| 000 | 00456cam a2200169ua 4500 | ||
|---|---|---|---|
| 020 | _c30.00 | ||
| 041 |
_aeng _h |
||
| 082 |
_a636.085 _bRAN/NUT |
||
| 100 | _aRanjhan, S K . | ||
| 245 |
_aNutrient requirements of livestock and poultry / _cS K Ranjhan. _hTextual Documents |
||
| 260 |
_aNew Delhi : _bIndian Council for Agricultural Research , _c1998. |
||
| 300 | _a ; . | ||
| 365 | _a30.00 | ||
| 504 | _a | ||
| 942 | _cBK | ||
| 999 |
_c12093 _d12093 |
||